Normal view MARC view
  • Soen, Francis

Entry Personal Name

Number of records used in: 1

001 - CONTROL NUMBER

  • control field: 100757

003 - CONTROL NUMBER IDENTIFIER

  • control field: NUST

005 - DATE AND TIME OF LATEST TRANSACTION

  • control field: 20221019111142.0

008 - FIXED-LENGTH DATA ELEMENTS

  • fixed length control field: 221019|| aca||aabn | a|a d

040 ## - CATALOGING SOURCE

  • Original cataloging agency: NUST
  • Transcribing agency: NUST

100 ## - HEADING--PERSONAL NAME

  • Personal name: Soen, Francis

670 ## - SOURCE DATA FOUND

  • Source citation: Work cat.: (NUST)175505: Inside AutoCAD Release 13 for Windows and Windows NT /, c1995.
© 2023 Central Library, National University of Sciences and Technology. All Rights Reserved.